Wszystkie ulice w Łomży - Statystyki

Ogólne statystyki
  • Ten quiz został rozwiązany 23 razy
  • Średni wynik to 32 z 285
Statystyki odpowiedzi
Hint Odpowiedź % Poprawnych
. piłsudskiego
71%
. mickiewicza
53%
. nowogrodzka
53%
. szosa zambrowska
53%
. długa
41%
. krótka
41%
. prosta
41%
. sikorskiego
41%
. dębowa
35%
. kraska
35%
. księżnej anny
35%
. lipowa
35%
. poznańska
35%
. różana
35%
. wojska polskiego
35%
. zawadzka
35%
Ulica 3 maja
29%
. aleja legionów
29%
. browarna
29%
. dmowskiego
29%
. kwiatowa
29%
. polna
29%
. senatorska
29%
. sienkiewicza
29%
. słoneczna
29%
. słowackiego
29%
. stary rynek
29%
. stroma
29%
. sybiraków
29%
. szkolna
29%
. wesoła
29%
. akademicka
24%
. brzozowa
24%
. chrobrego
24%
. dworna
24%
. farna
24%
. górna
24%
. kierzkowa
24%
. kopernika
24%
. krucza
24%
. malinowa
24%
. nowa
24%
. ogrodowa
24%
. polowa
24%
. prusa
24%
. radziecka
24%
. rządowa
24%
. Skłodowskiej curie
24%
. spokojna
24%
. wąska
24%
. wiejska
24%
. wiśniowa
24%
. wyszyńskiego
24%
. żeromskiego
24%
. zielona
24%
. akacjowa
18%
. bernatowicza
18%
. chopina
18%
. dworcowa
18%
. elbląska
18%
. giełczyńska
18%
. kalinowa
18%
. kasztelańska
18%
. klonowa
18%
. kręta
18%
. krzywa
18%
. kwadratowa
18%
. leśna
18%
. majowa
18%
. małachowskiego
18%
. mała kraska
18%
. mazowiecka
18%
. modrzewiowa
18%
. nadnarwiańska
18%
. nowoprojektowana
18%
. piękna
18%
. pileckiego
18%
. przykoszarowa
18%
. rybaki
18%
. rycerska
18%
. sadowa
18%
. staffa
18%
. stara
18%
. szeroka
18%
. szmaragdowa
18%
. witosa
18%
. żabia
18%
. zachodnia
18%
. batorego
12%
. broniewskiego
12%
. bukowa
12%
. cicha
12%
. dobra
12%
. glogera
12%
. grobla jednaczewska
12%
. jagiełły
12%
. jana z kolna
12%
. jaworowa
12%
. kaktusowa
12%
. kamienna
12%
. kasztanowa
12%
. kazimierza wielkiego
12%
. kolegialna
12%
. kolejowa
12%
. konstytucji 3 maja
12%
. krzywe koło
12%
. księcia janusza I
12%
. łukasińskiego
12%
. mazurska
12%
. mieszka I
12%
. miła
12%
. owocowa
12%
. pawia
12%
. popiełuszki
12%
. porzeczkowa
12%
. projektowana
12%
. radosna
12%
. saperska
12%
. śmiarowskiego
12%
. śniadeckiego
12%
. sosnowa
12%
. strażacka
12%
. studencka
12%
. świerkowa
12%
. szosa do mężenina
12%
. tkacka
12%
. wyzwolenia
12%
. zaułek cmentarny
12%
. żwirki i wigury
12%
. żydowska
12%
. 33 pułku piechoty
6%
. bawełniana
6%
. bema
6%
. bliska
6%
. boczna
6%
. budowlańców
6%
. bursztynowa
6%
. chętnika
6%
. ciepła
6%
. pana tadeusza
6%
. drogowców
6%
. działkowa
6%
. fabryczna
6%
. geodetów
6%
. głogowa
6%
. graniczna
6%
. handlowa
6%
. hipokratesa
6%
. informatyków
6%
. jatkowa
6%
. jednaczewska
6%
. jesienna
6%
. jodłowa
6%
. kanalna
6%
. kazańska
6%
. kaznodziejska
6%
. kołłątaja
6%
. królowej jadwigi
6%
. księcia stanisława
6%
. łączna
6%
. łąkowa
6%
. łukomskiego
6%
. makowa
6%
. marynarska
6%
. meblowa
6%
. miodowa
6%
. moniuszki
6%
. niemcewicza
6%
. obrońców łomży
6%
. ogrodnika
6%
. parkowa
6%
. partyzantów
6%
. perłowa
6%
. piaski
6%
. piwna
6%
. pocztarska
6%
. poligonowa
6%
. porucznika łagody
6%
. poziomkowa
6%
. przemysłowa
6%
. ptasia
6%
. pułkowa
6%
. raganowicza
6%
. raginisa
6%
. reymonta
6%
. rubinowa
6%
. słonecznikowa
6%
. sobieskiego
6%
. spacerowa
6%
. staszica
6%
. strusia
6%
. strzelców kurpiowskich
6%
. strzelnicza
6%
. szafirowa
6%
. szlachecka
6%
. szymańskiego
6%
. talesa z miletu
6%
. towarowa
6%
. turkusowa
6%
. wierzbowa
6%
. wiosenna
6%
. włókiennicza
6%
. woziwodzka
6%
. wspólna
6%
. zabawna
6%
. zamiejska
6%
. zatylna
6%
. zawady przedmieście
6%
. zdrojowa
6%
. zielna
6%
. zjazd
6%
. architektów
0%
. bartnicza
0%
. bazowa
0%
. beztroska
0%
. bieliczna
0%
. błękitna
0%
. cegielniana
0%
. chabrowa
0%
. chmielna
0%
. ciborowskiego
0%
. cieślewskiego
0%
. cisowa
0%
. kanarkowa
0%
. magazynowa
0%
. elektryków
0%
. forteczna
0%
. franciszka skowronka
0%
. grabowa
0%
. harcerska
0%
. jasna
0%
. jesionowa
0%
. kaczeńców
0%
. kaliwody
0%
. kanonierska
0%
. kapucyńska
0%
. kaszmirowa
0%
. katyńska
0%
. klasztorna
0%
. kolibrowa
0%
. konarska
0%
. korczaka
0%
. krokusowa
0%
. królowej bony
0%
. kryształowa
0%
. księżycowa
0%
. kurpiowska
0%
. łagodna
0%
. leszczynowa
0%
. lniarska
0%
. narodowych sił zbrojnych
0%
. opłotki
0%
. piaskowa
0%
. podleśna
0%
. poprzeczna
0%
. promienna
0%
. przedwiośnie
0%
. przyjaźni
0%
. przytulna
0%
. pszczela
0%
. pułaskiego
0%
. rzemięślnicza
0%
. sasinowskiego
0%
. słodka
0%
. słowikowa
0%
. spółdzielcza
0%
. stacha konwy
0%
. stawowa
0%
. strojna
0%
. sympatyczna
0%
. szczęśliwa
0%
. tęczowa
0%
. topolowa
0%
. torfowa
0%
. uśmiechu
0%
. wallenroda
0%
. wiązowa
0%
. winiarskiego
0%
. wronia
0%
. zaciszna
0%
. zakątek
0%
. zgody
0%
. ziołowa
0%
. żurawia
0%
. żwirowa
0%
Nie znaleziono quizów pasujących do podanych kryteriów
Rozkład punktacji
Procent ludzi z każdym wynikiem
Percentyl według liczby udzielonych odpowiedzi
Twoja historia wyników
Nie rozwiązałeś tego quizu